[Event "Titled Tuesday intern op 2nd Dec"]
[Site "Chess.com INT"]
[Date "2017.12.05"]
[Round "1"]
[White "Abdulsalam, Ishag"]
[Black "Nilsen, Joachim Birger"]
[Result "0-1"]
[WhiteElo "1963"]
[BlackElo "2416"]
[PlyCount "92"]
[EventDate "2017.12.05"]
[EventType "swiss (blitz)"]
[EventRounds "10"]
[EventCountry "USA"]
[SourceTitle "EXT 2021"]
[Source "ChessBase"]
[SourceDate "2020.10.23"]
[SourceVersion "1"]
[SourceVersionDate "2020.10.23"]
[SourceQuality "1"]

1. d4 g6 2. c4 Bg7 3. Nc3 c5 4. d5 Bxc3+ 5. bxc3 Qa5 6. Qc2 f5 7. Nf3 Nf6 8. e3 0-0 9. Bd3 d6 10. 0-0 Nbd7 11. Re1 Nb6 12. Ng5 h6 13. Nf3 Qa4 14. Qe2 e6 15. e4 fxe4 16. Bxe4 g5 17. dxe6 Bxe6 18. Bxb7 Rae8 19. Qd3 Kg7 20. Qxd6 Bf7 21. Rxe8 Rxe8 22. Be3 Nxc4 23. Qg3 Nxe3 24. fxe3 Qd7 25. Ba6 Qe6 26. Re1 Qxa6 27. Nh4 Qd3 28. Nf3 Qe4 29. h3 Qc4 30. Nxg5 hxg5 31. Qxg5+ Bg6 32. Rf1 Qxc3 33. h4 Qxe3+ 34. Kh1 Qxg5 35. hxg5 Ne4 36. Kg1 c4 37. Rc1 c3 38. Kf1 Rd8 39. Ke2 Rd2+ 40. Ke3 Rxa2 41. g4 c2 42. Kf4 Nc3 43. Ke3 Rb2 44. Kd2 Na2 45. Rxc2 Rxc2+ 46. Ke3 Nb4 0-1